000 01098nam a22002651u 4500
001 12517
003 HDC
007 cr bn ---
008 210209p2004 my eng
040 _aHDC
100 _aFaridah Salam,
_eauthor
_913143
245 0 _aDevelopment of direct competitive enzyme immunoassay kit for the detection of streptomycin residues in chicken meat and feed /
_cby Faridah Salam, Zamri Ishak, Tan Chon Seng, Wong Hee Kum, Engku Azahan Engku Ahmed, Gayah Abd. Rahman and Ahmad Tarmizi Salimin
260 _aSerdang :
_bMalaysian Agricultural Research and Development Institute (MARDI),
_c2004
300 _a1 page
336 _atext
_2rdacontent
337 _acomputer
_2rdamedia
338 _aonline resource
_2rdacarrier
650 _aChicken meat
_99536
650 _aEnzyme immunoassay
_913144
650 _aStreptomycin
_913145
856 _zRequest full-text at [email protected]
942 _2lcc
942 _cAR
942 _kJART 003112
999 _c9840
_d9840